Sports Quiz

Random Sports Quiz

Serie A 2016-17 all Goal Scorers Quiz Stats

 Plays Quiz not verified by Sporcle

Challenge
Share
Tweet
Embed
Score 0/259 Timer 20:00
0 Plays Today
Team Player % Correct
JuventusGiorgio Chiellini
95.8%
JuventusGonzalo Higuaín
95%
JuventusLeonardo Bonucci
95%
JuventusPaulo Dybala
94.2%
InternazionaleMauro Icardi
92.5%
MilanCarlos Bacca
92.5%
RomaEdin Džeko
91.7%
LazioCiro Immobile
90.8%
NapoliDries Mertens
90%
JuventusMiralem Pjanić
88.3%
NapoliLorenzo Insigne
88.3%
AtalantaAlejandro Gómez
86.7%
JuventusSami Khedira
85.8%
TorinoAndrea Belotti
85%
JuventusMario Mandžukić
85%
RomaMohamed Salah
84.2%
NapoliMarek Hamšík
83.3%
JuventusAlex Sandro
82.5%
LazioKeita Baldé
81.7%
NapoliJosé Callejón
81.7%
InternazionaleIvan Perišić
80%
JuventusJuan Cuadrado
79.2%
JuventusClaudio Marchisio
79.2%
RomaRadja Nainggolan
79.2%
RomaDaniele De Rossi
79.2%
FiorentinaNikola Kalinić
77.5%
JuventusDani Alves
77.5%
InternazionaleAntonio Candreva
76.7%
MilanSuso
76.7%
CagliariBruno Alves
75%
MilanCristián Zapata
74.2%
NapoliArkadiusz Milik
74.2%
SassuoloDomenico Berardi
74.2%
UdineseDuván Zapata
74.2%
BolognaMattia Destro
73.3%
RomaStephan El Shaarawy
73.3%
RomaDiego Perotti
73.3%
LazioStefan de Vrij
72.5%
NapoliAllan
72.5%
SampdoriaFabio Quagliarella
70.8%
RomaKevin Strootman
70.8%
FiorentinaBorja Valero
69.2%
InternazionaleÉder
69.2%
JuventusStephan Lichtsteiner
69.2%
LazioMarco Parolo
69.2%
CagliariMarco Borriello
68.3%
MilanGiacomo Bonaventura
68.3%
NapoliKalidou Koulibaly
68.3%
RomaFrancesco Totti
68.3%
EmpoliMassimo Maccarone
67.5%
TorinoIago Falque
66.7%
FiorentinaJosip Iličić
65.8%
LazioFelipe Anderson
65.8%
TorinoAdem Ljajić
65.8%
InternazionaleMarcelo Brozović
65%
GenoaGiovanni Simeone
64.2%
AtalantaFranck Kessié
64.2%
AtalantaAndrea Petagna
64.2%
ChievoSergio Pellissier
64.2%
AtalantaAndrea Conti
63.3%
JuventusDaniele Rugani
63.3%
LazioLucas Biglia
63.3%
InternazionaleJoão Mário
62.5%
CagliariMarco Sau
61.7%
AtalantaMattia Caldara
60.8%
NapoliPiotr Zieliński
60.8%
SampdoriaLuis Muriel
60.8%
ChievoRoberto Inglese
60%
ChievoValter Birsa
60%
FiorentinaFederico Bernardeschi
60%
MilanGianluca Lapadula
60%
BolognaSimone Verdi
59.2%
LazioSenad Lulić
59.2%
MilanAlessio Romagnoli
59.2%
JuventusMedhi Benatia
58.3%
LazioSergej Milinković-Savić
58.3%
FiorentinaKhouma Babacar
57.5%
UdineseCyril Théréau
55.8%
GenoaLeonardo Pavoletti
55.8%
JuventusMoise Kean
55.8%
FiorentinaGonzalo Rodríguez
55%
RomaFederico Fazio
55%
SassuoloAlessandro Matri
55%
TorinoMarco Benassi
55%
CrotoneDiego Falcinelli
54.2%
SassuoloGrégoire Defrel
54.2%
FiorentinaMatías Vecino
54.2%
Team Player % Correct
InternazionaleGeoffrey Kondogbia
54.2%
LazioȘtefan Radu
53.3%
NapoliEmanuele Giaccherini
53.3%
AtalantaJasmin Kurtić
52.5%
InternazionaleÉver Banega
52.5%
LazioDušan Basta
52.5%
SampdoriaPatrik Schick
52.5%
TorinoDaniele Baselli
52.5%
InternazionaleDanilo D'Ambrosio
51.7%
MilanM'Baye Niang
51.7%
FiorentinaDavide Astori
50%
InternazionaleRoberto Gagliardini
49.2%
RomaBruno Peres
49.2%
SassuoloMatteo Politano
49.2%
SassuoloPaolo Cannavaro
49.2%
PescaraGianluca Caprari
48.3%
CrotoneMarcello Trotta
48.3%
MilanGabriel Paletta
48.3%
AtalantaAndrea Masiello
47.5%
BolognaBlerim Džemaili
47.5%
AtalantaRemo Freuler
46.7%
CagliariDiego Farias
46.7%
CagliariJoão Pedro
46.7%
ChievoNicola Rigoni
46.7%
GenoaLuca Rigoni
46.7%
GenoaDiego Laxalt
46.7%
FiorentinaFederico Chiesa
45.8%
MilanJuraj Kucka
45.8%
MilanKeisuke Honda
45.8%
NapoliManolo Gabbiadini
45.8%
EmpoliRiccardo Saponara
45%
FiorentinaRiccardo Saponara
45%
PalermoIlija Nestorovski
44.2%
EmpoliManuel Pucciarelli
44.2%
GenoaGoran Pandev
44.2%
SassuoloFrancesco Acerbi
44.2%
ChievoLucas Castro
43.3%
JuventusMario Lemina
43.3%
RomaLeandro Paredes
43.3%
FiorentinaMilan Badelj
42.5%
FiorentinaCarlos Sánchez
42.5%
GenoaPietro Pellegri
42.5%
MilanGerard Deulofeu
42.5%
MilanMatías Fernández
42.5%
BolognaFederico Di Francesco
41.7%
NapoliVlad Chiricheș
41.7%
UdineseJakub Jankto
41.7%
UdineseDanilo
41.7%
UdineseRodrigo De Paul
40.8%
AtalantaBryan Cristante
40%
ChievoAlessandro Gamberini
40%
JuventusHernanes
40%
LazioWesley Hoedt
40%
MilanManuel Locatelli
40%
CagliariSimone Padoin
39.2%
NapoliLorenzo Tonelli
39.2%
SassuoloLorenzo Pellegrini
39.2%
ChievoRiccardo Meggiorini
37.5%
LazioWallace
37.5%
PalermoAlessandro Diamanti
37.5%
SampdoriaÉdgar Barreto
37.5%
TorinoMaxi López
37.5%
BolognaLadislav Krejčí
35.8%
ChievoFabrizio Cacciatore
35.8%
SampdoriaRicky Álvarez
35.8%
SassuoloAlfred Duncan
35.8%
SassuoloFrancesco Magnanelli
35.8%
TorinoLorenzo De Silvestri
35.8%
UdineseSeko Fofana
35.8%
ChievoMassimo Gobbi
35%
CrotoneGian Marco Ferrari
35%
NapoliNikola Maksimović
35%
MilanMario Pašalić
34.2%
SampdoriaKarol Linetty
34.2%
TorinoEmiliano Moretti
34.2%
CagliariMauricio Isla
33.3%
EmpoliAndrea Costa
33.3%
PescaraAlberto Aquilani
33.3%
TorinoAfriyie Acquah
33.3%
TorinoDavide Zappacosta
33.3%
GenoaDarko Lazović
32.5%
PalermoGiancarlo González
32.5%
SampdoriaBruno Fernandes
32.5%
FiorentinaCristian Tello
31.7%
PescaraAhmad Benali
30.8%
BolognaAdam Masina
30%
MilanAndrea Bertolacci
30%
Team Player % Correct
UdineseFelipe
30%
BolognaSaphir Taïder
29.2%
ChievoBoštjan Cesar
29.2%
EmpoliManuel Pasqual
29.2%
GenoaLucas Ocampos
29.2%
LazioDanilo Cataldi
29.2%
PescaraJean-Christophe Bahebeck
29.2%
SampdoriaDennis Praet
29.2%
SassuoloFederico Peluso
29.2%
InternazionaleMarco Andreolli
28.3%
PescaraSulley Muntari
28.3%
InternazionaleGabriel
27.5%
PalermoIvaylo Chochev
27.5%
AtalantaMauricio Pinilla
26.7%
CrotoneMarcus Rohdén
26.7%
LazioLuis Alberto
26.7%
PalermoAndrea Rispoli
26.7%
SassuoloAntonino Ragusa
26.7%
TorinoJuan Iturbe
26.7%
EmpoliLevan Mchedlidze
25.8%
CagliariArtur Ioniță
25.8%
PalermoEdoardo Goldaniga
25%
SassuoloPietro Iemmello
25%
TorinoLuca Rossettini
25%
CagliariDaniele Dessena
24.2%
PescaraCristiano Biraghi
24.2%
CrotoneAdrian Stoian
23.3%
CrotoneRaffaele Palladino
23.3%
EmpoliDaniele Croce
23.3%
LazioCristiano Lombardi
23.3%
PescaraLedian Memushaj
23.3%
EmpoliOmar El Kaddouri
22.5%
PalermoMato Jajalo
22.5%
TorinoJosef Martínez
22.5%
UdineseStipe Perica
22.5%
BolognaVasilis Torosidis
21.7%
CrotoneSimy
21.7%
BolognaErick Pulgar
20.8%
GenoaOscar Hiljemark
20.8%
PalermoRobin Quaison
20.8%
PalermoAleksandar Trajkovski
20.8%
AtalantaMarco D'Alessandro
20%
CrotoneAndrea Nalini
20%
EmpoliGiuseppe Bellusci
20%
LazioAlessandro Murgia
20%
CagliariFabio Pisacane
19.2%
SassuoloStefano Sensi
18.3%
CrotoneFederico Ceccherini
17.5%
GenoaOlivier Ntcham
17.5%
PescaraHugo Campagnaro
17.5%
CrotoneAleandro Rosi
15.8%
FiorentinaMauro Zárate
15.8%
CagliariFederico Melchiorri
13.3%
PalermoHaitam Aleesami
13.3%
CagliariDavide Di Gennaro
12.5%
EmpoliRade Krunić
12.5%
PalermoBruno Henrique
12.5%
SassuoloFederico Ricci
12.5%
SassuoloLuca Mazzitelli
12.5%
TorinoLucas Boyé
12.5%
AtalantaAlberto Grassi
11.7%
BolognaFilip Helander
11.7%
CrotoneAleksandar Tonev
11.7%
EmpoliMame Baba Thiam
11.7%
ChievoJonathan de Guzmán
10.8%
ChievoSamuel Bastien
10.8%
GenoaNikola Ninković
10.8%
BolognaFederico Viviani
10%
CrotoneMario Sampirisi
10%
PescaraGastón Brugman
10%
CagliariMarco Capuano
9.2%
EmpoliMiha Zajc
9.2%
GenoaSerge Gakpé
9.2%
PescaraAlberto Cerri
9.2%
CagliariHan Kwang-song
8.3%
LazioLuca Crecco
8.3%
UdineseGabriele Angella
8.3%
SassuoloClaud Adjapong
7.5%
SassuoloLuca Antei
7.5%
PescaraRey Manaj
5%
PescaraAlexandru Mitriță
5%
TorinoArlind Ajeti
5%
UdineseAndrija Balić
5%
PescaraRobert Murić
4.2%
PalermoRoland Sallai
3.3%

You're not logged in!

Compare scores with friends on all Sporcle quizzes.
OR
Log In

You Might Also Like...

Show Comments

Extras

Created Jun 3, 2017ReportNominate
Tags:goal, Goal Scorers, player, scorer, serie, team

Top Quizzes Today


Score Distribution

Your Account Isn't Verified!

In order to create a playlist on Sporcle, you need to verify the email address you used during registration. Go to your Sporcle Settings to finish the process.

Report this User

Report this user for behavior that violates our Community Guidelines.

Details: